Normal view
MARC view
Entry Topical Term
001 - CONTROL NUMBER
- control field: 4588
003 - CONTROL NUMBER IDENTIFIER
- control field: AM-YEHGA
005 - DATE AND TIME OF LATEST TRANSACTION
- control field: 20250617070453.0
008 - FIXED-LENGTH DATA ELEMENTS
- fixed length control field: 140227|| aca||aabn | a|a d
040 ## - CATALOGING SOURCE
- Original cataloging agency: AM-YEHGA
150 ## - HEADING--TOPICAL TERM
- Topical term or geographic name entry element: Կոմունիստական գաղափարախոսություն
670 ## - SOURCE DATA FOUND
- Source citation: 3955: Կարիկեան, Ե. 10744, Դրուագներ Սուէտիոյ յեղափոխութեան պատմութենէն /, 1921.
ՀՀ Գիտությունների ազգային ակադեմիայի հիմնարար գիտական գրադարան = Fundamental Scientific Library of NAS RA
All site content, except where otherwise noted, is licensed under a